Deutscher WM-Kader 2026 - Statistiken

Allgemein
  • Dieses Quiz wurde 30 mal gespielt
  • Das Durchschnittsergebnis liegt bei 25 aus 27
Antwortstatistiken
# Position Verein Spieler % Korrekt
Tor VfB Stuttgart Alexander Nübel
100%
Abwehr Real Madrid Antonio Rüdiger
100%
Abwehr RB Leipzig David Raum
100%
© Abwehr FC Bayern München Joshua Kimmich
100%
Tor FC Bayern München Manuel Neuer
100%
Abwehr Borussia Dortmund Nico Schlotterbeck
100%
Tor TSG Hoffenheim Oliver Baumann
100%
Angriff VfB Stuttgart Deniz Undav
96%
Mittelfeld FC Liverpoool Florian Wirtz
96%
Mittelfeld FC Bayern München Jamal Musiala
96%
Abwehr FC Bayern München Jonathan Tah
96%
Angriff FC Arsenal Kai Havertz
96%
Angriff Galatasaray Istanbul Leroy Sané
96%
Angriff Newcastle United Nick Woltemade
96%
Mittelfeld FC Bayern München Leon Goretzka
92%
Mittelfeld FSV Mainz 05 Nadiem Amiri
92%
Mittelfeld Brighton & Hove Albion Pascal Groß
92%
Mittelfeld VfB Stuttgart Jamie Leweling
88%
- Trainer - Julian Nagelsmann
88%
Abwehr Newcastle United Malick Thiaw
88%
Abwehr Eintracht Frankfurt Nathaniel Brown
88%
Mittelfeld FC Bayern München Aleksandar Pavlović
84%
Mittelfeld FC Bayern München Lennart Karl
84%
Angriff Borussia Dortmund Maximilian Beier
84%
Mittelfeld VfB Stuttgart Angelo Stiller
80%
Mittelfeld Borussia Dortmund Felix Nmecha
80%
Abwehr Borussia Dortmund Waldemar Anton
80%
Keine übereinstimmenden Quizze gefunden
Verteilung der Resultate
Anzahl Personen mit jedem Resultat
Perzentil nach korrekt beantworteten Fragen
Ihre Resultats-Entwicklung
Sie haben dieses Quiz noch nicht gespielt